000 00738cam a22002413a 4500
001 16504
003 PGUSA
005 20140828083342.0
008 050810s2005||||xxu|||||s|||||000 | eng d
040 _aPGUSA
_beng
042 _adc
050 4 _aDG
100 1 _aSymonds, John Addington,
_d1840-1893
245 1 0 _aRenaissance in Italy, Volumes 6 and 7 :
_bThe Catholic Reaction
_h[electronic resource] /
_cJohn Addington Symonds
260 _bProject Gutenberg,
_c2005
506 _aPublic domain in the USA.
516 _aElectronic text
653 _aCatholic Church -- Italy -- History
653 _aRenaissance -- Italy
830 0 _aProject Gutenberg
_v16504
856 4 0 _uhttp://www.gutenberg.org/ebooks/16504
942 _cEB
999 _c245759
_d245759